000 00528nam a2200205Ia 4500
005 20250923145106.0
008 008 250917s9999 xx 000 0 eng d
037 _aTextual
040 _aDSWL
_beng
_cDSWL
041 _aeng
_2eng
084 _qDSWL
100 _aAutton, N.
_9831705
245 0 _aPastroal case of the mentally ill
_cby N. Autton
260 _aLondon
_bS.P.S.K.
_c1963
300 _a256 p.
365 _aINR
_b26.25
925 _g26.25
942 _cTEXL
999 _c1446974
_d1446974